000
00306nam a22001337a 4500
008
180921b xxu||||| |||| 00| 0 eng d
020
_a
9780875525211
041
_a
eng
080
_a
2
100
_a
24
101
_a
TEO
245
_a
The Westminster Shorter Catechism
_c
Williamson, .CI
942
_2
udc
_c
BK
999
_c
48202
_d
48202